Catálogo

HA MUERTO LA REVOLUCION MEXICANA? (Registro nro. 34621)

Detalles MARC
000 -LEADER
fixed length control field 00524nam a2200169 a 4500
001 - CONTROL NUMBER
control field 34621
005 - DATE AND TIME OF LATEST TRANSACTION
control field 20180714002801.0
008 - FIXED-LENGTH DATA ELEMENTS--GENERAL INFORMATION
fixed length control field 140415s1972 mx 000 0 spa d
020 ## - INTERNATIONAL STANDARD BOOK NUMBER
International Standard Book Number 9684340540
041 ## - LANGUAGE CODE
Language code of text/sound track or separate title spa
082 ## - DEWEY DECIMAL CLASSIFICATION NUMBER
Classification number 320.0972061
Item number HAM
245 00 - TITLE STATEMENT
Title HA MUERTO LA REVOLUCION MEXICANA?
250 ## - EDITION STATEMENT
Edition statement 2a ed.
260 ## - PUBLICATION, DISTRIBUTION, ETC.
Place of publication, distribution, etc. MEXICO :
Name of publisher, distributor, etc. PREMIA EDITORA DE LIBROS,
Date of publication, distribution, etc. 1972, 1978
300 ## - PHYSICAL DESCRIPTION
Extent 352
650 14 - SUBJECT ADDED ENTRY--TOPICAL TERM
Topical term or geographic name entry element IDEOLOGIA
General subdivision MEXICO
-- HISTORIA
-- REVOLUCION, 1910
-- 1
-- SISTEMA POLITICO
-- MEXICO
-- HISTORIA
-- SIGLO XX
Existencias
Withdrawn status Lost status Source of classification or shelving scheme Damaged status Not for loan Collection code Home library Current library Shelving location Date acquired Source of acquisition Inventory number Total Checkouts Full call number Barcode Date last seen Price effective from Koha item type
    Dewey Decimal Classification     General Biblioteca Karol Wojtyla Biblioteca Karol Wojtyla Sala general 03/12/2013 Compra 151000000000000000056117   320.0972061 HAM 52377 05/01/2026 03/12/2013 Libro